000 00665cam a22002293a 4500
001 823
003 PGUSA
005 20140828082953.0
008 970201s1997||||xxu|||||s|||||000 | eng d
040 _aPGUSA
_beng
042 _adc
050 4 _aPB
245 1 4 _aThe Life of St. Declan of Ardmore
_h[electronic resource]
260 _bProject Gutenberg,
_c1997
506 _aPublic domain in the USA.
516 _aElectronic text
653 _aDeclan, Saint, Bishop of Ardmore, active 6th century -- Legends
700 1 _aPower, P.
_q(Patrick),
_d1862-1951
830 0 _aProject Gutenberg
_v823
856 4 0 _uhttp://www.gutenberg.org/ebooks/823
942 _cEB
999 _c230174
_d230174